000
00254nam a22001097a 4500
003
OSt
008
150420b xxu||||| |||| 00| 0 eng d
041
_a
eng
245
1
0
_a
Washington - Franklins Course
246
1
0
_a
MN Stamp Expo 2011 Course
300
_a
0 pages
999
_c
1300
_d
1300